00696 2200229 4500001002100000005001700021008004100038035002500079040001200104082001700116084002200133100001900155245007500174260004700249300003100296500004000327504002800367650002200395700001900417850001200436990001800448INLIS00000000001010620150813151142.0  a0010-081500000001544 aYOPDYOG 223a155.9042 aSK 155.9042 Lia H aLIA Afriantari aHubungan antara konsep diri dengan stres pada lansiac/ Lia Afriantari aYogyakartabUniversitas Ahmad Dahlanc2005 aiii, 33 lembarc; 29,5 cm. aIntisari Skripsi Fakultas Psikologi aBibliografi: hlm. 32-33 aStres (psikologi) aALIF Mu'arifah aYOPDYOG a48144-PD/A.15